000 01579cam a22004574i 4500
003 PE-LiUPU
005 20250731173429.0
008 150706s r 000 0 d
020 _a9788482675602
035 _a(Sirsi) i9788482675602
040 _aPE-LiUPU
_bspa
_cPE-LiUPU
_erda
049 _aPRUA
082 0 4 _a242.2
_bR77
_221
100 1 _aRojas Ruiz, Arturo Iván,
_eautor.
245 1 0 _aCreer y comprender :
_b365 reflexiones para un cristianismo integral /
_cArturo Iván Rojas Ruiz.
264 1 _aViladecavalls, España :
_bCLIE,
_c2011.
300 _a431 páginas ;
_c23 cm.
336 _atext
_2rdacontent
337 _aunmediated
_2rdamedia
338 _avolume
_2rdacarrier
505 0 _aMeditaciones diarias para todo el año.
526 _aSEG42
526 _aSEG41
526 _aSEG40
526 _aSEG39
526 _aP94
526 _aP87
526 _aP86
526 _aP85
526 _aP77
526 _aP76
526 _aP35
541 _g001-0000622;
650 0 4 _aVida cristiana
_xMeditaciones.
910 _clch
_d20130508
942 _2ddc
_cBOOK
949 _a242.2 R77
_wDEWEY
_c1
_i67041
_lCCODEBUL1
_mBUL
_p17.00
_r0
_sY
_tBOOK
_u2015-7-6
_xTEOLOGIA
_PP35
_o.STAFF. Colección General
994 _aC0
_bPEPRU
596 _a1
999 _a242.2 R77
_wDEWEY
_c54747
_i67041
_d54747
_e2019-5-1
_f2021-11-10
_g5
_lCCODEBUL1
_mBUL
_n2
_p17.00
_r0
_sY
_tBOOK
_u2015-7-6
_xTEOLOGIA
_PP35
_0COMPRA
_o.STAFF. Colección General
980 _81
_gALBERTO SANCHEZ Responsable de Automatización